Ibn Battuta : (Record no. 187011)

000 -LEADER
fixed length control field 00374 a2200145 4500
003 - CONTROL NUMBER IDENTIFIER
control field Nust
005 - DATE AND TIME OF LATEST TRANSACTION
control field 20230126095037.0
040 ## - CATALOGING SOURCE
Transcribing agency Nust
082 ## - DEWEY DECIMAL CLASSIFICATION NUMBER
Classification number 910.954,IBN
245 ## - TITLE STATEMENT
Title Ibn Battuta :
Remainder of title travles in Asia and Africa (1325-1354) /
260 ## - PUBLICATION, DISTRIBUTION, ETC.
Place of publication, distribution, etc. Rawalpindi
Name of publisher, distributor, etc. Service Book Club
Linkage 1985
300 ## - PHYSICAL DESCRIPTION
Extent 355:p
650 ## - SUBJECT ADDED ENTRY--TOPICAL TERM
Topical term or geographic name entry element Ibn Battuta Travels in Asia
9 (RLIN) 107710
942 ## - ADDED ENTRY ELEMENTS (KOHA)
Source of classification or shelving scheme
Koha item type Book
Holdings
Withdrawn status Lost status Source of classification or shelving scheme Damaged status Not for loan Permanent Location Current Location Shelving location Date acquired Full call number Barcode Date last seen Price effective from Koha item type Public note
          Military College of Signals (MCS) Military College of Signals (MCS) General Stacks 12/12/2016 910.954 IBN MCS21326 12/08/2016 12/12/2016 Book Almirah No.58, Shelf No.6
© 2023 Central Library, National University of Sciences and Technology. All Rights Reserved.